Foursomes from Sets III Quiz Stats

 Plays Quiz Updated Mar 6, 2012

Challenge
Share
Tweet
Score 0/60 Timer 10:00
0 Plays Today
head clue % Correct
Member 1The 4 seasons
97.8%
Member 2The 4 seasons
97.8%
Member 3The 4 seasons
97.8%
Member 4The 4 seasons
97.8%
Member 1Terms in Chess
90.6%
Member 2Terms in chess
90.6%
Member 3Terms in Chess
90.6%
Member 4Terms in chess
90.6%
Member 1Phoenix Pro Sports teams
82.9%
Member 2Phoenix Pro Sports teams
82.9%
Member 3Phoenix Pro Sports teams
82.9%
Member 4Phoenix Pro Sports teams
82.9%
Member 1Formerly in the Soviet Union
82.8%
Member 2Formerly in the Soviet Union
82.8%
Member 3Formerly in the Soviet Union
82.8%
Member 4Formerly in the Soviet Union
82.8%
Member 1Largest Cities in Ohio
80.6%
Member 2Largest Cities in Ohio
80.6%
Member 3Largest Cities in Ohio
80.6%
Member 4Largest Cities in Ohio
80.6%
Member 1Presidents that died in office
79.8%
Member 2Presidents that died in office
79.8%
Member 3Presidents that died in office
79.8%
Member 4Presidents that died in office
79.8%
Member 1Waldorf Salad ingredients
74%
Member 2Waldorf Salad ingredients
74%
Member 3Waldorf Salad ingredients
74%
Member 4Waldorf Salad ingredients
74%
Member 1The Beatles before Ringo
71.3%
Member 2The Beatles before Ringo
71.3%
head clue % Correct
Member 3The Beatles before Ringo
71.3%
Member 4The Beatles before Ringo
71.3%
Member 1Ghosts in Pac-man
67.1%
Member 2Ghosts in Pac-man
67.1%
Member 3Ghosts in Pac-man
67.1%
Member 4Ghosts in Pac-man
67.1%
Member 1In A Deck of Cards
62.5%
Member 2In A Deck of Cards
62.5%
Member 3In A Deck of Cards
62.5%
Member 4In A Deck of Cards
62.5%
Member 1Super Bowl multiple MVPs
58%
Member 2Super Bowl multiple MVPs
58%
Member 3Super Bowl multiple MVPs
58%
Member 4Super Bowl multiple MVPs
58%
Member 1Sinister Six villains
42%
Member 2Sinister Six villains
42%
Member 3Sinister Six villains
42%
Member 4Sinister Six villains
42%
Member 1Classic Journey albums
41.9%
Member 2Classic Journey albums
41.9%
Member 3Classic Journey albums
41.9%
Member 4Classic Journey albums
41.9%
Member 1Buffy's Scooby Gang Members
40.4%
Member 2Buffy's Scooby Gang Members
40.4%
Member 3Buffy's Scooby Gang Members
40.4%
Member 4Buffy's Scooby Gang Members
40.4%
Member 1TV Butlers and Maids
31.7%
Member 2TV Butlers and Maids
31.7%
Member 3TV Butlers and Maids
31.7%
Member 4TV Butlers and Maids
31.7%

You're not logged in!

Compare scores with friends on all Sporcle quizzes.
Join for Free
OR
Log In

You Might Also Like...

Show Comments

Extras

Top Quizzes Today


Score Distribution

Your Account Isn't Verified!

In order to create a playlist on Sporcle, you need to verify the email address you used during registration. Go to your Sporcle Settings to finish the process.

Report this User

Report this user for behavior that violates our Community Guidelines.

Details: